Classification methods for inland excess water modeling

Inland excess water floodings are a common problem in the Carpathian Basin. Nearly every year large areas are covered by water due to lack of natural runoff of superfluous water. To study the development of this phenomenon it is necessary to determine where these inundations are occurring. This rese...

Teljes leírás

Elmentve itt :
Bibliográfiai részletek
Szerzők: Van Leeuwen Boudewijn
Henits László
Mészáros Minucsér
Tobak Zalán
Szatmári József
Pavić Dragoslav
Savić Stevan
Dolinaj Dragan
Dokumentumtípus: Cikk
Megjelent: 2013
Sorozat:Journal of environmental geography 6 No. 1-2
Kulcsszavak:Hidrológia, Térinformatika
Tárgyszavak:
Online Access:http://acta.bibl.u-szeged.hu/30618
LEADER 01994nab a2200301 i 4500
001 acta30618
005 20220627115803.0
008 161017s2013 hu o 0|| eng d
022 |a 2060-3274 
040 |a SZTE Egyetemi Kiadványok Repozitórium  |b hun 
041 |a eng 
100 2 |a Van Leeuwen Boudewijn 
245 1 0 |a Classification methods for inland excess water modeling  |h [elektronikus dokumentum] /  |c  Van Leeuwen Boudewijn 
260 |c 2013 
300 |a 1-8 
490 0 |a Journal of environmental geography  |v 6 No. 1-2 
520 3 |a Inland excess water floodings are a common problem in the Carpathian Basin. Nearly every year large areas are covered by water due to lack of natural runoff of superfluous water. To study the development of this phenomenon it is necessary to determine where these inundations are occurring. This research evaluates different methods to classify inland excess water occurrences on a study area covering south-east Hungary and northern Serbia. The region is susceptible to this type of flooding due to its geographical circumstances. Three separate methods are used to determine their applicability to the problem. The methods use the same input data set but differ in approach and complexity. The input data set consists of a mosaic of RapidEye medium resolution satellite images. The results of the classifications show that all three methods can be applied to the problem and provide high quality satellite based inland excess water maps over a large area. 
650 4 |a Természettudományok 
650 4 |a Föld- és kapcsolódó környezettudományok 
695 |a Hidrológia, Térinformatika 
700 0 1 |a Henits László  |e aut 
700 0 1 |a Mészáros Minucsér  |e aut 
700 0 1 |a Tobak Zalán  |e aut 
700 0 1 |a Szatmári József  |e aut 
700 0 1 |a Pavić Dragoslav  |e aut 
700 0 1 |a Savić Stevan  |e aut 
700 0 1 |a Dolinaj Dragan  |e aut 
856 4 0 |u http://acta.bibl.u-szeged.hu/30618/1/journal_geo_006_001_002_001-008.pdf  |z Dokumentum-elérés